| 000 | 01898cam a22004574i 4500 | ||
|---|---|---|---|
| 003 | PE-LiUPU | ||
| 005 | 20250731173105.0 | ||
| 008 | 150623s2000 miu rb 000 0 eng d | ||
| 020 | _a0941037878 | ||
| 035 | _a(Sirsi) i9780941037877 | ||
| 040 |
_aPE-LiUPU _bspa _cPE-LiUPU _erda |
||
| 049 | _aPRUA | ||
| 082 | 0 | 4 |
_a270.82 _bC26 _221 |
| 100 | 1 |
_aCarter, Ben M., _eautor. |
|
| 245 | 1 | 2 |
_aA new christian paradigm : _bthe making of post-protestant christianity / _cBen M. Carter. |
| 264 | 1 |
_aNorth Richland Hills, Texas : _bBibal Press, _c2000. |
|
| 300 |
_a278 páginas ; _c21 centímetros |
||
| 336 |
_atext _2rdacontent |
||
| 337 |
_aunmediated _2rdamedia |
||
| 338 |
_avolume _2rdacarrier |
||
| 504 | _aIncluye bibliografía. | ||
| 505 | 0 | _aThe soil of protestant missions -- The roots of the new paradigm literacy, pietism, and the revivals -- The redefinition of the church -- Missions and nation building lessons from India -- Africa: ancient churches, modern missions, new revival -- The north atlantic culture and its impact on missions -- Roman catholicism, missions, and the ecumenical movement -- Toward a theology of the Spirit -- The shape of post-portestant faiths. | |
| 526 | _aSEG42 | ||
| 526 | _aSEG41 | ||
| 526 | _aSEG40 | ||
| 526 | _aSEG39 | ||
| 526 | _aP94 | ||
| 526 | _aP87 | ||
| 526 | _aP86 | ||
| 526 | _aP85 | ||
| 526 | _aP77 | ||
| 526 | _aP76 | ||
| 526 | _aP35 | ||
| 650 | 1 | 4 |
_aIglesia _xHistoria _ySiglo XX. |
| 942 |
_2ddc _cBOOK |
||
| 949 |
_a270.82 C26 _wDEWEY _c1 _i49443 _lCCODEBUL1 _mBUL _r0 _sY _tBOOK _u2015-6-24 _xTEOLOGIA _PP35 _0COMPRA _o.STAFF. Colección Teología |
||
| 994 |
_aC0 _bPEPRU |
||
| 596 | _a1 | ||
| 999 |
_a270.82 C26 _wDEWEY _c29807 _i49443 _f2021-11-11 _g6 _lCCODEBUL1 _mBUL _p30.00 _r0 _sY _tBOOK _u2015-6-24 _xTEOLOGIA _PP35 _0COMPRA _o.STAFF. Colección Teología _d29807 |
||
| 980 |
_81 _gALBERTO SANCHEZ Responsable de Automatización |
||